|
|
|
|
| LEADER |
00821nam a2200229 a 4500 |
| 001 |
000599171 |
| 003 |
CZ BrMZK |
| 005 |
20020513110626.0 |
| 008 |
020509s1898 fr f fre d |
| 040 |
|
|
|a BOA001
|b cze
|
| 100 |
1 |
|
|a Jammes, Francis,
|d 1868-1938
|7 jn19990003966
|4 aut
|
| 245 |
1 |
0 |
|a De l'angelus de l'aube a l'angelus du soir :
|b 1888-1897 /
|c Francis Jammes
|
| 250 |
|
|
|a 2. éd.
|
| 260 |
|
|
|a Paris :
|b Société du Mercure de France,
|c 1898
|
| 300 |
|
|
|a 345 s. ;
|c 19 cm
|
| 504 |
|
|
|a Obsahuje bibliografii
|
| 563 |
|
|
|a Z knihovny J. Floriana
|
| 610 |
2 |
7 |
|a Moravská zemská knihovna (Brno, Česko).
|b Florianova knihovna
|7 mzk2006318440
|2 czenas
|
| 910 |
|
|
|a BOA001
|b FLO-1102.606
|
| 990 |
|
|
|a BK
|
| 993 |
|
|
|a Y
|
| 996 |
6 |
|
|b 2610160238
|c FLO-1102.606
|l MZK
|r Sklad / do 24 hodin
|n 1
|p kup
|w 000599171
|u 000010
|a 1
|e BOA001
|j MZK50
|s P
|